[Event "POL-chT3 Kujawsko Pomorskie 1516"]
[Site "Poland"]
[Date "2016.03.13"]
[Round "8"]
[White "Sikorski, Dariusz"]
[Black "Paprocki, Jaroslaw"]
[Result "1/2-1/2"]
[WhiteElo "1986"]
[BlackElo "2169"]
[PlyCount "137"]
[EventDate "2015.11.08"]
[EventType "team-tourn"]
[EventRounds "9"]
[EventCountry "POL"]
[SourceTitle "EXT 2019"]
[Source "ChessBase"]
[SourceDate "2018.10.10"]
[SourceVersion "1"]
[SourceVersionDate "2018.10.10"]
[SourceQuality "1"]

1. d4 Nf6 2. Bg5 b5 3. Bxf6 exf6 4. e3 Bb7 5. Nf3 a6 6. a4 c6 7. Bd3 d6 8. 0-0 Be7 9. Nbd2 Nd7 10. c3 0-0 11. Qc2 g6 12. e4 Nb6 13. a5 Nd7 14. Ne1 c5 15. f4 cxd4 16. cxd4 Rc8 17. Qb3 Rc7 18. Nc2 Qa8 19. Ne3 Qa7 20. Nf3 f5 21. exf5 Bxf3 22. Rxf3 Qxd4 23. Qd5 Qxb2 24. Ra2 Qc1+ 25. Nf1 Nf6 26. Qb3 d5 27. fxg6 hxg6 28. f5 Rc3 29. Rc2 Qxf1+ 30. Bxf1 Rxb3 31. Rxb3 Ne4 32. g4 Kg7 33. Rd3 Bb4 34. Rxd5 Bxa5 35. Rc6 Nf6 36. Rdd6 Nxg4 37. fxg6 Ne5 38. Rxa6 Bc7 39. Rd5 fxg6 40. Kg2 Kh6 41. Rc5 Rf7 42. h3 Nf3 43. Be2 Nh4+ 44. Kg1 Bg3 45. Rxb5 Re7 46. Rb3 Be5 47. Bg4 Rc7 48. Kf2 Bd4+ 49. Kg3 Rc2 50. Kf4 Bg1 51. Rb5 Rc4+ 52. Ke5 Bh2+ 53. Ke6 Bg3 54. Ra8 Re4+ 55. Kf7 Rf4+ 56. Kg8 Nf5 57. Bxf5 Rxf5 58. Rb7 Kg5 59. Kh7 Kh4 60. Ra4+ Kxh3 61. Kxg6 Rf3 62. Rb5 Kg2 63. Kg5 Bf2 64. Rg4+ Kf1 65. Rb1+ Ke2 66. Rg2 Rf8 67. Rb2+ Ke3 68. Rb3+ Ke2 69. Rxf2+ 1/2-1/2

[Event "POL-chT3 Kujawsko Pomorskie 1516"]
[Site "Poland"]
[Date "2015.11.22"]
[Round "2"]
[White "Kubiak, Leszek"]
[Black "Sikorski, Dariusz"]
[Result "1/2-1/2"]
[WhiteElo "1904"]
[BlackElo "1986"]
[PlyCount "70"]
[EventDate "2015.11.08"]
[EventType "team-tourn"]
[EventRounds "9"]
[EventCountry "POL"]
[SourceTitle "EXT 2019"]
[Source "ChessBase"]
[SourceDate "2018.10.10"]
[SourceVersion "1"]
[SourceVersionDate "2018.10.10"]
[SourceQuality "1"]

1. Nf3 Nf6 2. d4 d5 3. c4 c6 4. e3 Qb6 5. Nc3 Bg4 6. Qb3 Bxf3 7. Qxb6 axb6 8. gxf3 e6 9. e4 Bb4 10. Bd3 c5 11. 0-0 dxc4 12. Bxc4 Nc6 13. dxc5 bxc5 14. Bb5 Rc8 15. Na4 0-0 16. Bxc6 Rxc6 17. Be3 c4 18. a3 Be7 19. Rfd1 h6 20. Rd2 Rd8 21. Rad1 Rxd2 22. Rxd2 b5 23. Nc3 b4 24. axb4 Bxb4 25. Rd8+ Kh7 26. Rb8 Bc5 27. Rb7 Kg6 28. Kf1 Nh5 29. Ne2 Bxe3 30. fxe3 e5 31. Nc3 Ra6 32. Ke2 Ra1 33. Nd1 Ra4 34. Nc3 Ra1 35. Nd1 Ra4 1/2-1/2

[Event "Kujawsko Pomorskie-ch op 67th"]
[Site "Inowroclaw"]
[Date "2014.08.14"]
[Round "9"]
[White "Sikorski, Dariusz"]
[Black "Pawlowski, Pawel"]
[Result "1/2-1/2"]
[WhiteElo "2085"]
[BlackElo "1744"]
[PlyCount "78"]
[EventDate "2014.08.09"]
[EventType "swiss"]
[EventRounds "9"]
[EventCountry "POL"]
[SourceTitle "EXT 2019"]
[Source "ChessBase"]
[SourceDate "2018.10.10"]
[SourceVersion "1"]
[SourceVersionDate "2018.10.10"]
[SourceQuality "1"]

1. e4 c5 2. Nc3 e6 3. f4 Nc6 4. Nf3 d5 5. Bb5 Nge7 6. Qe2 d4 7. Nd1 a6 8. Bxc6+ Nxc6 9. d3 g6 10. 0-0 Bg7 11. Nf2 0-0 12. e5 Ne7 13. Ne4 b6 14. Bd2 Bb7 15. g4 Ra7 16. Nfg5 Qd5 17. h3 h6 18. Nf3 a5 19. Kh2 c4 20. Nf6+ Bxf6 21. exf6 Nc6 22. dxc4 Qd8 23. Ne5 Kh7 24. Rae1 Ba8 25. g5 Nxe5 26. Qxe5 h5 27. Rf2 Rd7 28. b3 Qc8 29. Qe2 Rfd8 30. Qd3 Qc6 31. Bc1 Rc8 32. Ba3 Bb7 33. Be7 a4 34. Ra1 Ba8 35. h4 Bb7 36. f5 exf5 37. Qe2 Qe4 38. Kg3 f4+ 39. Kh2 Qf5 1/2-1/2

[Event "POL-chT3 Kujawsko Pomorskie 1314"]
[Site "Poland"]
[Date "2014.??.??"]
[Round "10.27"]
[White "Tarczykowski, Janusz"]
[Black "Sikorski, Dariusz"]
[Result "0-1"]
[WhiteElo "2023"]
[BlackElo "2084"]
[PlyCount "104"]
[EventDate "2013.11.03"]
[EventType "team-tourn"]
[EventRounds "11"]
[EventCountry "POL"]
[SourceTitle "EXT 2018"]
[Source "ChessBase"]
[SourceDate "2017.10.13"]
[SourceVersion "1"]
[SourceVersionDate "2017.10.13"]
[SourceQuality "1"]
[WhiteTeam "Torun UKS OPP"]
[BlackTeam "Torun Torfarm 64"]
[WhiteTeamCountry "POL"]
[BlackTeamCountry "POL"]

1. d4 e5 2. dxe5 Nc6 3. Nf3 Qe7 4. Nbd2 Nxe5 5. Nxe5 Qxe5 6. Nf3 Qa5+ 7. Bd2 Bb4 8. c3 Be7 9. e4 d6 10. Bc4 Nf6 11. Qb3 Qh5 12. 0-0-0 Nxe4 13. Bxf7+ Qxf7 14. Qa4+ Bd7 15. Qxe4 0-0 16. Bg5 Rae8 17. Bxe7 Rxe7 18. Qxb7 Qxa2 19. Qd5+ Qxd5 20. Rxd5 Bc6 21. Rd3 Bxf3 22. gxf3 Re2 23. Rd2 Rxd2 24. Kxd2 Rxf3 25. Ke2 Rh3 26. Ra1 Rxh2 27. Rxa7 c5 28. Rd7 Rh6 29. b4 cxb4 30. cxb4 Rh4 31. Rxd6 Rxb4 32. Kf3 Kf7 33. Kg3 g5 34. Ra6 Rf4 35. Rb6 Kg7 36. Ra6 h5 37. Ra7+ Kg6 38. f3 Rf7 39. Ra5 h4+ 40. Kg2 Rb7 41. Ra2 Rb3 42. Rc2 Rb4 43. Re2 Kf5 44. Rc2 Kf4 45. Ra2 Rd4 46. Rb2 Ke3 47. Rb3+ Rd3 48. Rb5 Rd2+ 49. Kh3 Kf4 50. Rb2 g4+ 51. fxg4 Rxb2 52. g5 Rb5 0-1

[Event "POL-chT3 1112"]
[Site "Poland"]
[Date "2012.04.01"]
[Round "10.27"]
[White "Sikorski, Dariusz"]
[Black "Mikolajczak, Wojciech"]
[Result "0-1"]
[WhiteElo "2035"]
[BlackElo "1660"]
[PlyCount "46"]
[EventDate "2011.11.06"]
[EventType "team-tourn"]
[EventRounds "11"]
[EventCountry "POL"]
[SourceTitle "EXT 2015"]
[Source "ChessBase"]
[SourceDate "2014.11.20"]
[SourceVersion "1"]
[SourceVersionDate "2014.11.20"]
[SourceQuality "1"]
[WhiteTeam "Torun Torfarm 64"]
[BlackTeam "Bydgoszcz Emdek"]
[WhiteTeamCountry "POL"]
[BlackTeamCountry "POL"]

1. e4 c5 2. Nc3 Nc6 3. Bb5 Nd4 4. Bc4 d6 5. Nf3 Bg4 6. Nxd4 Bxd1 7. Bb5+ Qd7 8. Kxd1 cxd4 9. Bxd7+ Kxd7 10. Ne2 Nf6 11. d3 e5 12. h3 h6 13. f4 Rc8 14. c4 dxc3 15. bxc3 Be7 16. Rb1 b6 17. Rf1 Ke6 18. g4 g5 19. f5+ Kd7 20. c4 Rcg8 21. Be3 h5 22. gxh5 Rxh5 23. Rf3 Rgh8 0-1

[Event "POL-chT3 1112"]
[Site "Poland"]
[Date "2012.02.12"]
[Round "6.32"]
[White "Sikorski, Dariusz"]
[Black "Lewandowski, Krzysztof"]
[Result "1-0"]
[WhiteElo "2035"]
[BlackElo "2161"]
[PlyCount "89"]
[EventDate "2011.11.06"]
[EventType "team-tourn"]
[EventRounds "11"]
[EventCountry "POL"]
[SourceTitle "EXT 2015"]
[Source "ChessBase"]
[SourceDate "2014.11.20"]
[SourceVersion "1"]
[SourceVersionDate "2014.11.20"]
[SourceQuality "1"]
[WhiteTeam "Torun Torfarm 64"]
[BlackTeam "Bydgoszcz SSz Pocztowiec"]
[WhiteTeamCountry "POL"]
[BlackTeamCountry "POL"]

1. e4 Nf6 2. Nc3 d5 3. e5 Nfd7 4. d4 c5 5. dxc5 e6 6. f4 Bxc5 7. Qg4 Kf8 8. Bd3 Nc6 9. a3 a6 10. Nf3 b5 11. Qh5 h6 12. Bd2 Bb7 13. Rf1 g6 14. Qh3 Kg7 15. g4 h5 16. Ng5 Be7 17. Nxf7 Bh4+ 18. Kd1 Kxf7 19. f5 Ndxe5 20. fxg6+ Kg7 21. gxh5 Rxh5 22. Qxe6 Qe7 23. Qh3 Rf8 24. Nxd5 Rxf1+ 25. Bxf1 Qd8 26. Nf4 Bc8 27. Nxh5+ Kxg6 28. Nf4+ Kf7 29. Qb3+ Kg7 30. Ne6+ Bxe6 31. Qxe6 Qd4 32. Qh6+ Kf7 33. Qe3 Qg4+ 34. Kc1 Bf6 35. Qf4 Qg1 36. Kb1 Ne7 37. Ka2 Nd5 38. Bc4 Qc5 39. Bb3 Ke8 40. Qe4 Ne7 41. Bb4 Qc6 42. Re1 Qxe4 43. Rxe4 N7c6 44. Bc3 Kd7 45. Bd5 1-0

[Event "POL-chT3 1112"]
[Site "Poland"]
[Date "2011.12.11"]
[Round "3.14"]
[White "Kuchnio, Przemyslaw"]
[Black "Sikorski, Dariusz"]
[Result "0-1"]
[WhiteElo "2059"]
[BlackElo "2035"]
[PlyCount "92"]
[EventDate "2011.11.06"]
[EventType "team-tourn"]
[EventRounds "11"]
[EventCountry "POL"]
[SourceTitle "EXT 2015"]
[Source "ChessBase"]
[SourceDate "2014.11.20"]
[SourceVersion "1"]
[SourceVersionDate "2014.11.20"]
[SourceQuality "1"]
[WhiteTeam "Swiecie Gambit"]
[BlackTeam "Torun Torfarm 64"]
[WhiteTeamCountry "POL"]
[BlackTeamCountry "POL"]

1. e4 c6 2. d4 d5 3. exd5 cxd5 4. c4 Nf6 5. Nc3 e6 6. Nf3 Be7 7. c5 0-0 8. Bg5 h6 9. Bxf6 Bxf6 10. Bb5 Bd7 11. 0-0 Bxb5 12. Nxb5 a6 13. Nc3 Nc6 14. Rb1 Qb8 15. Na4 Qf4 16. Qb3 Bxd4 17. g3 Qc7 18. Rfd1 Bf6 19. Qc2 Rad8 20. Nb6 Nb4 21. Qd2 Qxc5 22. Na4 Qd6 23. a3 Nc6 24. b4 Ne5 25. Nxe5 Bxe5 26. Nc5 Qe7 27. Nd3 Bd6 28. Rb3 Rc8 29. Ne1 Rc4 30. Qe3 Rfc8 31. Kg2 b5 32. Nf3 Qf6 33. Rbd3 Rc2 34. Qa7 R8c6 35. R1d2 Rxd2 36. Nxd2 Bf8 37. Qb7 Rd6 38. Rf3 Qe7 39. Qc8 e5 40. Rc3 e4 41. Rc7 Qe6 42. Qb7 f5 43. Qa7 f4 44. Nb3 f3+ 45. Kf1 d4 46. Nxd4 Qd5 0-1

[Event "POL-chT3 Kujawsko Pomorskie 1011"]
[Site "Poland"]
[Date "2011.01.23"]
[Round "5.14"]
[White "Lewandowski, Krzysztof"]
[Black "Sikorski, Dariusz"]
[Result "1-0"]
[WhiteElo "2141"]
[BlackElo "2030"]
[PlyCount "163"]
[EventDate "2010.11.07"]
[EventType "team-tourn"]
[EventRounds "11"]
[EventCountry "POL"]
[SourceTitle "EXT 2019"]
[Source "ChessBase"]
[SourceDate "2018.10.10"]
[SourceVersion "1"]
[SourceVersionDate "2018.10.10"]
[SourceQuality "1"]

1. d4 c6 2. c4 d5 3. Nf3 Nf6 4. Nc3 dxc4 5. a4 Bf5 6. e3 e6 7. Bxc4 Bb4 8. 0-0 Nbd7 9. Qe2 Bg6 10. e4 Bxc3 11. bxc3 Bxe4 12. Ba3 Qc7 13. Ng5 Bf5 14. a5 Qf4 15. Bxe6 fxe6 16. Nxe6 Qe4 17. Nc7+ Kf7 18. Qc4+ Kg6 19. Rfe1 Qh4 20. Nxa8 Rxa8 21. Be7 Qf4 22. Re3 h6 23. Rg3+ Kh7 24. Qf7 Rg8 25. h3 Qe4 26. Bxf6 Nxf6 27. Qxb7 Nh5 28. Re3 Qh4 29. Qxc6 Rf8 30. Rae1 Nf4 31. Qf3 Ng6 32. Re8 Rf6 33. Qg3 Qh5 34. Ra8 Nh4 35. Ree8 Ng6 36. Qb8 Bxh3 37. Rh8+ Nxh8 38. Qxh8+ Kg6 39. Qe8+ Rf7 40. Rxa7 Bd7 41. Qe1 Qg4 42. f3 Qe6 43. Qxe6+ Bxe6 44. Ra6 Rf6 45. Rc6 Bd5 46. Rc5 Bb7 47. d5 Rd6 48. c4 Kf5 49. Kf2 Ke5 50. Ke3 g5 51. Rc7 Ba6 52. Re7+ Kf6 53. Re4 h5 54. Kd4 Bb7 55. Re2 h4 56. Rb2 Bc8 57. c5 Rd8 58. Rb6+ Kf5 59. a6 Rd7 60. c6 Ra7 61. d6 Ke6 62. d7 Bxd7 63. cxd7+ Ke7 64. Rd6 Kd8 65. Ke5 Rc7 66. Kf6 Rc5 67. a7 Ra5 68. a8Q+ Rxa8 69. Kxg5 Ra2 70. Kxh4 Rxg2 71. f4 Rg7 72. Kh5 Rg8 73. f5 Rg2 74. f6 Rh2+ 75. Kg6 Rg2+ 76. Kf7 Rh2 77. Rd5 Rg2 78. Kf8 Rg6 79. f7 Rg2 80. Rd6 Rg3 81. Rh6 Kxd7 82. Rh7 1-0

[Event "POL-chT3 1112"]
[Site "Poland"]
[Date "2011.??.??"]
[Round "2.20"]
[White "Sikorski, Dariusz"]
[Black "Ciemniak, Krzysztof"]
[Result "1-0"]
[WhiteElo "2035"]
[BlackElo "1972"]
[PlyCount "95"]
[EventDate "2011.11.06"]
[EventType "team-tourn"]
[EventRounds "11"]
[EventCountry "POL"]
[SourceTitle "EXT 2015"]
[Source "ChessBase"]
[SourceDate "2014.11.20"]
[SourceVersion "1"]
[SourceVersionDate "2014.11.20"]
[SourceQuality "1"]
[WhiteTeam "Torun Torfarm 64"]
[BlackTeam "Bydgoszcz Wiartrak"]
[WhiteTeamCountry "POL"]
[BlackTeamCountry "POL"]

1. e4 e5 2. Nf3 Nc6 3. Bc4 Bc5 4. b4 Bxb4 5. c3 Be7 6. d4 Na5 7. Nxe5 Nxc4 8. Nxc4 d5 9. exd5 Qxd5 10. Ne3 Qa5 11. 0-0 Nf6 12. Qb3 0-0 13. Ba3 Bxa3 14. Nxa3 c6 15. Nac4 Qc7 16. Ne5 Be6 17. Qb2 Rfd8 18. Nd3 b6 19. Rfd1 Nd5 20. a4 Nxe3 21. fxe3 Bd5 22. a5 bxa5 23. Qa3 Rd6 24. Nf4 Qe7 25. Nxd5 cxd5 26. Re1 Re6 27. Qxe7 Rxe7 28. Rxa5 Rc7 29. Rb1 g6 30. Rxd5 Rxc3 31. Rb7 a5 32. Rdd7 Rf8 33. e4 a4 34. Ra7 a3 35. h3 Re3 36. e5 h5 37. Kf2 Rc3 38. Ke2 Rg3 39. Kf2 Rb3 40. Kg1 Re3 41. Kf2 Rb3 42. d5 Rc8 43. Rxf7 Rc2+ 44. Kg1 Rb1+ 45. Kh2 Rbb2 46. e6 Rxg2+ 47. Kh1 Rgf2 48. Ra8+ 1-0

[Event "POL-chT3 Kujawsko Pomorskie 1011"]
[Site "Poland"]
[Date "2010.11.07"]
[Round "1.26"]
[White "Sobich, Kazimierz"]
[Black "Sikorski, Dariusz"]
[Result "1-0"]
[WhiteElo "1912"]
[BlackElo "2030"]
[PlyCount "55"]
[EventDate "2010.11.07"]
[EventType "team-tourn"]
[EventRounds "11"]
[EventCountry "POL"]
[SourceTitle "EXT 2019"]
[Source "ChessBase"]
[SourceDate "2018.10.10"]
[SourceVersion "1"]
[SourceVersionDate "2018.10.10"]
[SourceQuality "1"]

1. d4 c6 2. c4 d5 3. cxd5 cxd5 4. Nc3 Nf6 5. Bg5 Ne4 6. Nxe4 dxe4 7. Bc1 e5 8. dxe5 Bb4+ 9. Bd2 e3 10. Bxb4 exf2+ 11. Kxf2 Qh4+ 12. Ke3 Qxb4 13. Qd4 Qe7 14. Qd6 Qg5+ 15. Kf2 Nc6 16. Nf3 Qf5 17. g3 Bd7 18. Bg2 0-0-0 19. Rhc1 Be8 20. Qc5 Kb8 21. b4 b6 22. Qc3 Rc8 23. Kg1 Bd7 24. Qd2 Qe6 25. Ng5 Qe7 26. b5 Nd4 27. Qxd4 Qxg5 28. Qd6+ 1-0

[Event "POL-chT 2st League"]
[Site "Mrzezyno"]
[Date "2010.09.09"]
[Round "6.76"]
[White "Jedrzejewski, Kamil"]
[Black "Sikorski, Dariusz"]
[Result "1-0"]
[WhiteElo "2039"]
[BlackElo "2045"]
[PlyCount "80"]
[EventDate "2010.09.04"]
[EventType "team-swiss"]
[EventRounds "9"]
[EventCountry "POL"]
[SourceTitle "EXT 2019"]
[Source "ChessBase"]
[SourceDate "2018.10.10"]
[SourceVersion "1"]
[SourceVersionDate "2018.10.10"]
[SourceQuality "1"]
[WhiteTeam "Gniezno LKS Chrobry"]
[BlackTeam "Klub Szachowy Torfarm 64"]
[WhiteTeamCountry "POL"]
[BlackTeamCountry "POL"]

1. e4 c6 2. d4 d5 3. exd5 cxd5 4. Nf3 Nc6 5. h3 Bf5 6. Bd3 Bxd3 7. Qxd3 e6 8. c3 Bd6 9. 0-0 Nf6 10. Re1 Qc7 11. b3 0-0 12. Ba3 Bxa3 13. Nxa3 Ne4 14. Nc4 Rac8 15. Ne3 Qa5 16. Nd1 Qa3 17. Nd2 Nxd2 18. Qxd2 Na5 19. Rc1 b5 20. Re3 Nc6 21. Rg3 Rfd8 22. c4 b4 23. cxd5 Rxd5 24. Ne3 Rd7 25. Ng4 Kf8 26. Rc5 Qa6 27. Qc2 Ne7 28. Qxh7 Rxc5 29. Qh8+ Ng8 30. dxc5 Rd1+ 31. Kh2 Qf1 32. Rf3 Re1 33. Ne3 Qb5 34. Rg3 g6 35. Qe5 Rc1 36. Qd6+ Kg7 37. Nc4 Nf6 38. Qe5 Rc3 39. Rg5 Qd7 40. Nd6 Qd8 1-0

[Event "POL-chT 2st League"]
[Site "Mrzezyno"]
[Date "2010.09.08"]
[Round "5.64"]
[White "Sikorski, Dariusz"]
[Black "Czapiewski, Waldemar"]
[Result "1-0"]
[WhiteElo "2045"]
[BlackElo "1902"]
[PlyCount "43"]
[EventDate "2010.09.04"]
[EventType "team-swiss"]
[EventRounds "9"]
[EventCountry "POL"]
[SourceTitle "EXT 2019"]
[Source "ChessBase"]
[SourceDate "2018.10.10"]
[SourceVersion "1"]
[SourceVersionDate "2018.10.10"]
[SourceQuality "1"]
[WhiteTeam "Klub Szachowy Torfarm 64"]
[BlackTeam "Chojnice UKS Osemka"]
[WhiteTeamCountry "POL"]
[BlackTeamCountry "POL"]

1. e4 c5 2. Nc3 Nc6 3. Bb5 Nd4 4. Bc4 e6 5. Nf3 g6 6. Nxd4 cxd4 7. Nb5 Qb6 8. c3 Bg7 9. Nxd4 Bxd4 10. cxd4 Qxd4 11. d3 b5 12. Be3 Qd6 13. Bb3 f6 14. 0-0 Kf7 15. f4 Kg7 16. e5 Qa6 17. f5 exf5 18. Rxf5 gxf5 19. Qh5 d5 20. Bxd5 Be6 21. exf6+ Kf8 22. Bc5+ 1-0

[Event "Lazy op-A 6th"]
[Site "Lazy"]
[Date "2010.06.28"]
[Round "2"]
[White "Sokolowski, Ryszard"]
[Black "Sikorski, Dariusz"]
[Result "0-1"]
[WhiteElo "2143"]
[BlackElo "2037"]
[PlyCount "54"]
[EventDate "2010.06.27"]
[EventType "swiss"]
[EventRounds "9"]
[EventCountry "POL"]
[SourceTitle "CBM 137 Extra"]
[Source "ChessBase"]
[SourceDate "2010.09.01"]
[SourceVersion "1"]
[SourceVersionDate "2010.09.01"]
[SourceQuality "1"]

1. c4 c6 2. Nf3 Nf6 3. g3 d5 4. Bg2 Bf5 5. b3 e6 6. Bb2 Bc5 7. 0-0 Nbd7 8. d3 0-0 9. Nbd2 a5 10. a3 Re8 11. h3 e5 12. Nh4 Be6 13. e3 Qc7 14. d4 exd4 15. exd4 Be7 16. Rc1 Rad8 17. f4 Nf8 18. c5 Ne4 19. Nxe4 dxe4 20. f5 Bd5 21. f6 Bxf6 22. Rxf6 Qxg3 23. Nf5 Qg5 24. Nh6+ gxh6 25. Qf1 Ng6 26. Kh2 Nh4 27. Rc2 Nf3+ 0-1

[Event "Torun-Bydgoszcz"]
[Site "Torun"]
[Date "2009.12.13"]
[Round "?.10"]
[White "Skowronski, Piotr"]
[Black "Sikorski, Dariusz"]
[Result "1/2-1/2"]
[WhiteElo "2072"]
[BlackElo "2037"]
[PlyCount "21"]
[EventDate "2009.12.13"]
[EventType "team-match"]
[EventRounds "1"]
[EventCountry "POL"]
[SourceTitle "EXT 2018"]
[Source "ChessBase"]
[SourceDate "2017.10.13"]
[SourceVersion "1"]
[SourceVersionDate "2017.10.13"]
[SourceQuality "1"]

1. c4 c6 2. d4 d5 3. Nf3 Nf6 4. Nc3 dxc4 5. e4 b5 6. e5 Nd5 7. a4 h6 8. axb5 Nxc3 9. bxc3 cxb5 10. Be2 e6 11. Nd2 1/2-1/2

[Event "POL-chT 2nd League"]
[Site "Miedzyzdroje"]
[Date "2009.09.18"]
[Round "7"]
[White "Sroka, Janusz"]
[Black "Sikorski, Dariusz"]
[Result "1-0"]
[WhiteElo "2079"]
[BlackElo "2041"]
[PlyCount "89"]
[EventDate "2009.09.12"]
[EventType "team-swiss"]
[EventRounds "9"]
[EventCountry "POL"]
[SourceTitle "EXT 2019"]
[Source "ChessBase"]
[SourceDate "2018.10.10"]
[SourceVersion "1"]
[SourceVersionDate "2018.10.10"]
[SourceQuality "1"]
[WhiteTeam "Gliwice Roszada Sikornik"]
[BlackTeam "Torun Torfarm 64"]
[WhiteTeamCountry "POL"]
[BlackTeamCountry "POL"]

1. e4 c6 2. d4 d5 3. exd5 cxd5 4. Nf3 Nc6 5. c3 Qc7 6. Bd3 Nf6 7. Bg5 Bg4 8. Nbd2 e6 9. h3 Bh5 10. 0-0 Bd6 11. Qc2 Bg6 12. Rfe1 0-0 13. Bxf6 gxf6 14. a3 a6 15. Bxg6 hxg6 16. Qd3 b5 17. Nf1 Na5 18. N1h2 Nc4 19. Rab1 f5 20. Nf1 a5 21. g3 b4 22. axb4 axb4 23. h4 Ra2 24. cxb4 Bxb4 25. Re2 Rb8 26. h5 gxh5 27. Ne3 f4 28. Nf1 Be7 29. Ne5 Bf6 30. gxf4 Raxb2 31. Rexb2 Rxb2 32. Ra1 Bh4 33. Ra8+ Kg7 34. Qf3 Nxe5 35. fxe5 Bxf2+ 36. Kh1 Qe7 37. Qg2+ Kh7 38. Qg8+ Kh6 39. Qh8+ Kg5 40. Nh2 Kf4 41. Qxh5 Ke4 42. Qf3+ Kxd4 43. Ra4+ Rb4 44. Qxf2+ Ke4 45. Qe2+ 1-0

[Event "POL-chT 2nd League"]
[Site "Miedzyzdroje"]
[Date "2009.09.17"]
[Round "6"]
[White "Gasik, Adam"]
[Black "Sikorski, Dariusz"]
[Result "1-0"]
[WhiteElo "2134"]
[BlackElo "2041"]
[PlyCount "71"]
[EventDate "2009.09.12"]
[EventType "team-swiss"]
[EventRounds "9"]
[EventCountry "POL"]
[SourceTitle "EXT 2019"]
[Source "ChessBase"]
[SourceDate "2018.10.10"]
[SourceVersion "1"]
[SourceVersionDate "2018.10.10"]
[SourceQuality "1"]
[WhiteTeam "Warszawa Entropia"]
[BlackTeam "Torun Torfarm 64"]
[WhiteTeamCountry "POL"]
[BlackTeamCountry "POL"]

1. e4 c6 2. d4 d5 3. e5 Bf5 4. Nd2 c5 5. Bb5+ Nc6 6. dxc5 Qa5 7. Bxc6+ bxc6 8. c3 Qxc5 9. Qf3 e6 10. b4 Qb6 11. Nb3 Nh6 12. Bxh6 gxh6 13. Ne2 Bg7 14. Ned4 Bg6 15. Qe2 0-0 16. 0-0 Rfc8 17. Nc5 a5 18. a3 Qd8 19. f4 Qh4 20. Nb7 axb4 21. cxb4 Bf8 22. Nd6 Rc7 23. b5 cxb5 24. Qxb5 Rc3 25. Qb2 Rd3 26. a4 Bh5 27. Qb7 Rxd4 28. Qxa8 Rb4 29. Qa7 Rxf4 30. Qf2 Rxa4 31. Rxa4 Qxa4 32. Nxf7 Qc4 33. Nd6 Bxd6 34. exd6 Qc8 35. d7 Qd8 36. Qf6 1-0

[Event "POL-chT 2nd League"]
[Site "Miedzyzdroje"]
[Date "2009.09.13"]
[Round "2"]
[White "Sikorski, Dariusz"]
[Black "Augustyn, Sebastian"]
[Result "0-1"]
[WhiteElo "2041"]
[BlackElo "2102"]
[PlyCount "132"]
[EventDate "2009.09.12"]
[EventType "team-swiss"]
[EventRounds "9"]
[EventCountry "POL"]
[SourceTitle "EXT 2019"]
[Source "ChessBase"]
[SourceDate "2018.10.10"]
[SourceVersion "1"]
[SourceVersionDate "2018.10.10"]
[SourceQuality "1"]
[WhiteTeam "Torun Torfarm 64"]
[BlackTeam "Pilzno GKSz Hetman"]
[WhiteTeamCountry "POL"]
[BlackTeamCountry "POL"]

1. e4 c5 2. Nc3 e6 3. f4 a6 4. a4 b6 5. Nf3 Bb7 6. b3 d5 7. Bd3 Nf6 8. exd5 Nxd5 9. Nxd5 Bxd5 10. Bb2 Be7 11. 0-0 Bf6 12. Ne5 0-0 13. Qe2 Bb7 14. Rae1 g6 15. Kh1 Bg7 16. Bc4 Bd5 17. d3 Nc6 18. Bxd5 Qxd5 19. Nxc6 Qxc6 20. Bxg7 Kxg7 21. Qe5+ Kg8 22. Rf3 Rad8 23. Rh3 Rd5 24. Qe4 Qd6 25. Rf3 Rd8 26. h3 Rd4 27. Qe5 Qd5 28. Ree3 b5 29. axb5 axb5 30. Qxd5 R4xd5 31. c4 bxc4 32. dxc4 Rd1+ 33. Kh2 h5 34. h4 Kg7 35. Re5 Rc8 36. Rfe3 Kf6 37. Kg3 Rd2 38. Kf3 Rb2 39. Rd3 Rb8 40. Rxc5 R8xb3 41. Rxb3 Rxb3+ 42. Ke4 Rb2 43. Rg5 Ke7 44. Kd4 Kd6 45. c5+ Kd7 46. g3 Rb4+ 47. Kc3 Ra4 48. Kb3 Ra1 49. Kc4 Kc6 50. Kd4 Re1 51. Kd3 Kb5 52. Kd4 Re2 53. Kd3 Re1 54. Kd4 Kc6 55. Kd3 Rd1+ 56. Ke3 Rd5 57. Ke4 Kxc5 58. Ke3 Rxg5 59. hxg5 Kd5 60. Kf3 Kd4 61. Kg2 Ke4 62. Kh3 e5 63. fxe5 Kxe5 64. g4 hxg4+ 65. Kxg4 Ke4 66. Kg3 Kf5 0-1

[Event "POL-chT3 Kujawsko Pomorskie 0708"]
[Site "Poland"]
[Date "2008.03.30"]
[Round "10.16"]
[White "Sikorski, Dariusz"]
[Black "Brzezinski, Mateusz"]
[Result "1/2-1/2"]
[WhiteElo "2078"]
[BlackElo "1751"]
[PlyCount "72"]
[EventDate "2007.11.04"]
[EventType "team-tourn"]
[EventRounds "11"]
[EventCountry "POL"]
[SourceTitle "EXT 2019"]
[Source "ChessBase"]
[SourceDate "2018.10.10"]
[SourceVersion "1"]
[SourceVersionDate "2018.10.10"]
[SourceQuality "1"]

1. e4 c5 2. Nc3 Nc6 3. f4 g6 4. Nf3 Bg7 5. Bc4 d6 6. d3 e6 7. 0-0 Nge7 8. Qe1 0-0 9. f5 d5 10. Bb3 d4 11. Nd1 exf5 12. Qh4 h5 13. Bg5 fxe4 14. dxe4 Be6 15. Bd5 Qd6 16. Bxe6 Qxe6 17. Nf2 f6 18. Bd2 c4 19. Rae1 Rae8 20. g4 Ne5 21. Nxe5 Qxe5 22. Nh3 Nc6 23. gxh5 Qxh5 24. Qxh5 gxh5 25. Nf4 Bh6 26. Rf2 Re5 27. Kh1 Kh7 28. Nd5 Bxd2 29. Rxd2 f5 30. Rf2 Ne7 31. Nxe7 Rxe7 32. e5 Re6 33. Rf4 Rd8 34. Rxf5 d3 35. cxd3 cxd3 36. Rf2 d2 1/2-1/2

[Event "POL-chT3 Kujawsko Pomorskie 0708"]
[Site "Poland"]
[Date "2008.02.10"]
[Round "7.35"]
[White "Sikorski, Dariusz"]
[Black "Jablonski, Miroslaw"]
[Result "1-0"]
[WhiteElo "2078"]
[BlackElo "2095"]
[PlyCount "104"]
[EventDate "2007.11.04"]
[EventType "team-tourn"]
[EventRounds "11"]
[EventCountry "POL"]
[SourceTitle "EXT 2019"]
[Source "ChessBase"]
[SourceDate "2018.10.10"]
[SourceVersion "1"]
[SourceVersionDate "2018.10.10"]
[SourceQuality "1"]

1. e4 c5 2. Nc3 Nc6 3. f4 g6 4. Nf3 Bg7 5. Bc4 e6 6. d3 d6 7. 0-0 Nge7 8. f5 exf5 9. Qe1 0-0 10. Qh4 d5 11. exd5 Ne5 12. Bg5 Re8 13. Rae1 Nxc4 14. Bxe7 Rxe7 15. Qxe7 Qxe7 16. Rxe7 Nd6 17. a4 a6 18. a5 Bf8 19. Re2 Bd7 20. Ne5 Be8 21. Nc4 Nxc4 22. dxc4 Bd7 23. Rfe1 Bd6 24. b3 Kf8 25. Na4 Rd8 26. Nb6 Bc8 27. c3 f4 28. Nxc8 Rxc8 29. Rb1 Rc7 30. Re4 g5 31. b4 h6 32. b5 axb5 33. cxb5 f6 34. Re6 Be5 35. c4 Rf7 36. a6 Bb8 37. a7 Bxa7 38. Ra1 b6 39. d6 Kg7 40. Re7 Bb8 41. Rxf7+ Kxf7 42. Ra6 Bxd6 43. Rxb6 Be5 44. Rb7+ Ke8 45. Rh7 Kd8 46. Kf1 Kc8 47. Ke2 Kb8 48. h3 h5 49. Rxh5 Kc7 50. Kf3 Kb6 51. Ke4 Ka5 52. Kd3 Kb6 1-0